000 02423nam0a2200397 4500
001 RU\NLR\bibl\1707094
005 20260405213424.0
010 _a978-5-88210-542-5
_9100
021 _aRU
_b2010-85023
_95678
035 _a(nilc)LIBNET\0000085913
035 _aRU/Алтайская КУНБ/IBIS/099607
035 _a(NLR Aleph) 001698139
090 _a1203156
_c1203156
100 _a20101124d2010 |||y0rusy50 ca
101 0 _arus
102 _aRU
105 _aa |||||||||
200 1 _aЧеловек науки
_eмонография
_eпосвящается 80-летию Шалаева Ивана Кирилловича, доктора педагогических наук, почетного профессора СГА и АлтГПА, академика МАНПО
_fЛ. А. Церникель, Ю. П. Березуцкая
_gМ-во образования и науки РФ, Гос. образоват. учреждение высш. проф. образования "Алтайская гос. пед. акад." [и др.]
210 _aБарнаул
_cАлтГПА
_d2010
215 _a264 с.
_cил., цв. ил., портр., факс.
_d21
300 _aВ надзаг. также: Гос. образоват. учреждение доп. проф. образования "Алтайский краевой ин-т повышения квалификации работников образования", Регион. межвуз. лаб. "Упр. развитием образования" (АлтГПА и АКИПКРО)
320 _aБиблиогр.: с. 225-229
320 _aНауч. тр. И. К. Шалаева: с. 229-247
600 1 _aШалаев
_bИ.К.
_f1931 - 2013
_gИван Кириллович
_92612545
_3RU\NLR\auth\661549103
686 _a14.35.21
_2rugasnti
686 _a15.81
_2rugasnti
686 _aЧ489.514(2Р-4Ал)7-8Шалаев
700 1 _4070
_8rus
_7ca
_aЦерникель
_bЛ. А.
_gЛилия Антоновна
_3RU\NLR\auth\7796435
_979361
701 1 _aБерезуцкая
_bЮ. П.
_gЮлия Петровна
_4070
702 1 _4570
_8rus
_7ca
_aШалаев
_bИ. К.
_f1931-
_gИван Кириллович
_3RU\NLR\auth\7796443
_979369
801 0 _aRU
_bАлтайская КУНБ
_c20101124
_gRCR
801 1 _aRU
_bАлтайская КУНБ
_c20101124
_gRCR
801 2 _aRU
_bNLR
_c20101201
_grcr
942 _cBOOK
980 _aNB